1845 1956 1063 1392 1249 1635 1889 1294 1799 1529 1004 1896 1917 1264 1967 1499 1492 1424 1884 1098 1087 1626 1268 1500 1681 1676 1441 1651 1171 1543 1780 1950 1497 1828 1189 1513 1660 1254 1059 1995 1782 1425 1243 1581 1990 1552 1165 1041 1875 1042 1796 1342 1695 1383 1349 1495 1049 1353 1996 1707 1057 1756 1760 1885 1666 1698 1482 1917 1636 1933 1678 1114 1347 1020 1402 1329 1986 1682 1882 1379 1494 1009 1117 1153 1226 1737 1513 1633 1319 1203 1379 1180 1617 1109 1429 1047 1565 1899 1984 BCNSPRNW ULIB Ver.6.0+V

เปลี่ยนเป็นภาษาไทย

Change to English
 แสดงรายละเอียดบรรณานุกรม
  กลับหน้าหลัก

Brief Record : Get Marc (ISO 2709) : E-mail record : QR code < ปิดหน้าต่าง
LEADER : 00000nas 2200000uu 4500
001    13399122789
003     ULIB
008    020711s|||| th a 000 0 tha d
022    19068670
110    สมาคมนักประชากรไทย
245    วารสารประชากร(วิทยาเขตนครสวรรค์) /^cสมาคมนักประชากรไทย
260    นครประฐม :^bมหาวิทยาลัยมหิดล,^cม.ป.ป.
310    ^aราย 6 เดือน
850    ^aปีที่ 4 ฉบับที่ 1
945    ^p0^l0^i800650
รายการนี้ยังไม่มีแท็ก
คุณยังไม่ได้ล็อกอิน คุณสามารถมีกิจกรรมร่วมกับเว็บไซต์ได้ แต่ต้องล็อกอินก่อน ::
  ล็อกอิน

รายการสื่อสารสนเทศ (วารสาร)

ดูแบบ: กล่อง รายการ
ARRIVED
ปีที่ 4 ฉบับที่ 1
สถานที่: ห้องสมุดวิทยาเขตนครสวรรค์ >วารสาร

BibComment


ยังไม่เคยถูกคอมเมนท์

คอมเมนท์ทรัพยากรรายการนี้
  คอมเมนท์: วารสารประชากรวิทย..


 Copyright 2026. Bcnsprnw @Library